000 004840000a22001810004500
003 LK-CoMWRAF
008 230817t ||||| |||| 00| 0 eng d
020 _a9556080341
040 _aLK-CoMWRAF
_dLK-CoMWRAF
_eLK-CoMWRAF
041 _aeng
082 _a152.6
_bAKB
100 _aAkbar, Usthaz Rasheed Hajjul
245 _aAalip Peralaiyin Adiyinile
_b
260 _bAlhasanath
_aSri Lanka (Colombo 09)
_c2005
300 _ap.99
650 _aUndemeath the Tidal Waves
942 _cBK
999 _c1716
_d1716